| 000 | 00674nam a2200217 a 4500 | ||
|---|---|---|---|
| 003 | BD-DhJNU | ||
| 005 | 20250305060908.0 | ||
| 008 | 830225s1983 enk b 001 0 eng | ||
| 040 |
_aBD-DhJNU _bENG _cBD-DhJNU _dBD-DhJNU |
||
| 082 | 0 | 0 |
_a909.097 SOM _223 |
| 100 | 1 | _aSourdel, Dominique | |
| 245 | 1 | 0 |
_aMedieval Islam / _cDominique Sourdel ; translated by J. Montgomery Watt. |
| 260 |
_aLondon ; _aBoston : _bRoutledge & Kegan Paul, _c1983. |
||
| 300 |
_axv, 202 p. ; _c23 cm. |
||
| 500 | _aTranslation of: L'Islam m edi eval. | ||
| 504 | _aBibliography: p. 187-194. | ||
| 500 | _aIncludes index. | ||
| 651 | 0 | _aIslamic Empire. | |
| 650 | 0 |
_aIslam _xHistory. |
|
| 942 | _cBK | ||
| 999 |
_c1447 _d1447 |
||